000 00871nam a2200193Ia 4500
008 151121s9999||||xx |||||||||||||| ||und||
082 _a323/भोळे
082 _bHNW-52615
100 _aभोळे भास्कर लक्ष्मण
245 _aयशवंतराव चव्हाण : राजकारण आणि साहित्य
260 _b"साकेत प्रकाशन, औरंगाबाद"
260 _c--
300 _a152
600 _aभोळे भास्कर लक्ष्मण
630 _aयशवंतराव चव्हाण : राजकारण आणि साहित्य
700 _aभोळे भास्कर लक्ष्मण
730 _aयशवंतराव चव्हाण : राजकारण आणि साहित्य
942 _cBOOK
999 _c1236573
_d1236570